تطوير لغة الحوار عند الصغار / (رقم التسجيلة. 247656)

تفاصيل مارك
000 -الفاتح
عناصر البيانات ثابتة الطول 00992nam a22002657i 4500
005 - تاريخ ووقت آخر معاملة
حقل ضبط 20251229110100.0
008 - عناصر البيانات ثابتة الطول
عناصر البيانات ثابتة الطول 250906s2024 jo ||||gr|||| 00| 0 ara d
020 ## - الترقيم الدولي المعياري للكتب (ردمك)
الترقيم الدولي المعياري للكتب (ردمك) 978992332281
040 ## - مصدر الفهرسة
هيئة الفهرسة الأصلية JO-AmGAM
قواعد الوصف rda
082 14 - رقم تصنيف ديوي العشري
رقم التصنيف 306.44
رقم المادة م ص ا
100 1# - مدخل رئيسي – اسم شخصي
الاسم الشخصي مصالحة، مروان أحمد
علاقة الشخص بالعمل/ دوره مؤلف.
245 10 - بيان العنوان
العنوان تطوير لغة الحوار عند الصغار /
بيان المسؤولية د. مروان أحمد مصالحة ؛ مراجعة لغوية الأستاذ محمد كنعان.
250 ## - بيان الطبعة
بيان الطبعة الطبعة الأولى.
264 ## - بيانات النشر، التوزيع…إلخ
مكان النشر، التوزيع...إلخ عمان :
اسم الناشر، الموزع...إلخ دار يافا العلمية للنشر والتوزيع،
تاريخ النشر، التوزيع...إلخ 2024.
300 ## - الوصف المادي
عدد الوحدات المكونة للوعاء 142 صفحة.
336 ## - نوع المحتوى
المصدر rdacontent
مصطلح نوع المحتوى نص
كود نوع المحتوى txt
337 ## - نوع الوسيط
المصدر rdamedia
مصطلح نوع الوسيط دون وسيط عرض
كود نوع الوسيط n
338 ## - نوع الحامل
المصدر rdacarrier
مصطلح نوع الحامل مجلد
كود نوع الحامل nc
650 17 - مدخل إضافي بالموضوع - مصطلح موضوعي
مصطلح موضوعي أو اسم جغرافي كعنصر مدخل علم الاجتماع اللغوي.
650 17 - مدخل إضافي بالموضوع - مصطلح موضوعي
مصطلح موضوعي أو اسم جغرافي كعنصر مدخل الأطفال.
650 17 - مدخل إضافي بالموضوع - مصطلح موضوعي
مصطلح موضوعي أو اسم جغرافي كعنصر مدخل اللغة.
700 1# - مدخل إضافي - اسم شخصي
الاسم الشخصي كنعان، محمد
علاقة الشخص بالعمل/ دوره مراجع.
942 ## - بيانات إضافية (كوها)
نوع التنصيف Dewey Decimal Classification
نوع المادة (كوها) كتب
المقتنيات
حالة السحب حالة الفقدان مصدر التصنيف حالة التلف غير قابل للإعارة المكتبة الرئيسية المكتبة الحالية موقع الرف تاريخ التزويد مصدر التزويد العملة التكلفة، سعر الشراء العادي الرقم المتسلسل Total Checkouts رقم الإستدعاء الباركود تاريخ آخر ظهور التكلفة وسعر الاستبدال تاريخ الفاتورة نوع المادة (كوها)
    Dewey Decimal Classification     المكتبة المركزية المكتبة المركزية الإعارة 21/12/2025 56 JOD 7.00 1799393   306.44 / م ص ا PLD00929043 21/12/2025 7.00 21/12/2025 كتب
    Dewey Decimal Classification     المكتبة المركزية المكتبة المركزية مقتنيات قسم التزويد 21/12/2025 56 JOD 7.00 1799394     PLD00929044 21/12/2025 7.00 21/12/2025 كتب
    Dewey Decimal Classification     مكتبة أم قصير والمقابلين العامة مكتبة أم قصير والمقابلين العامة الإعارة 21/12/2025 56 JOD 7.00 1799398   306.44 / م ص ا PLD00929048 21/12/2025 7.00 21/12/2025 كتب
    Dewey Decimal Classification     مكتبة الأميرة ايمان العامة مكتبة الأميرة ايمان العامة الإعارة 21/12/2025 56 JOD 7.00 1799395   306.44 / م ص ا PLD00929045 21/12/2025 7.00 21/12/2025 كتب
    Dewey Decimal Classification     مكتبة الاميرة بديعة مكتبة الاميرة بديعة الإعارة 21/12/2025 56 JOD 7.00 1799399   306.44 / م ص ا PLD00929049 21/12/2025 7.00 21/12/2025 كتب
    Dewey Decimal Classification     مكتبة الجويدة مكتبة الجويدة الإعارة 21/12/2025 56 JOD 7.00 1799401   306.44 / م ص ا PLD00929051 21/12/2025 7.00 21/12/2025 كتب
    Dewey Decimal Classification     مكتبة الحسن العامة مكتبة الحسن العامة الإعارة 21/12/2025 56 JOD 7.00 1799400   306.44 / م ص ا PLD00929050 21/12/2025 7.00 21/12/2025 كتب
    Dewey Decimal Classification     مكتبة حمزة العامة مكتبة حمزة العامة الإعارة 21/12/2025 56 JOD 7.00 1799402   306.44 / م ص ا PLD00929052 21/12/2025 7.00 21/12/2025 كتب
    Dewey Decimal Classification     مكتبة صويلح العامة مكتبة صويلح العامة الإعارة 21/12/2025 56 JOD 7.00 1799397   306.44 / م ص ا PLD00929047 21/12/2025 7.00 21/12/2025 كتب
    Dewey Decimal Classification     مكتبة وادي السير العامة مكتبة وادي السير العامة الإعارة 21/12/2025 56 JOD 7.00 1799396   306.44 / م ص ا PLD00929046 21/12/2025 7.00 21/12/2025 كتب
Implemented & Customized by: BBB with SCIT (Smart Chains for Information Technology)

Powered by Koha